Televizní kabelové rozvody /

Gespeichert in:
Bibliographische Detailangaben
1. Verfasser: Český, Milan (Verfasst von)
Format: Buch
Sprache:Tschechisch
Veröffentlicht: Praha : SNTL, 1975
Ausgabe:1.vyd.
Schlagworte:
Tags: Tag hinzufügen
Keine Tags, Fügen Sie das erste Tag hinzu!

MARC

LEADER 00000nam a22000003a 4500
001 stu35346
005 20150617225730.6
008 920415s1975----cs------------------cze-d
040 |a STU  |b slo 
041 0 |a cze 
044 |a cs 
080 |a 621.397 
100 1 |a Český, Milan  |4 aut 
245 1 |a Televizní kabelové rozvody /  |c [aut.]Milan Český 
250 |a 1.vyd. 
260 |a Praha :  |b SNTL,  |c 1975 
300 |a 378 s 
650 7 |a Rozvody kábelové televízne  |2 stusub 
996 |b 284M047886  |c M*1621-1  |l MMKN  |s A  |a 24  |w stu35346_0001 
996 |b 284EK04891  |c E*34075  |l EE01  |s A  |a 24  |w stu35346_0002